000 01205nam a2200313 i 4500
003 EG-GICUC
005 20260121101216.0
008 251112s2011 ua ||||fr ||| 00| 0 ara d
017 _a19885636
040 _aEG-GICUC
_cEG-GICUC
_dEG-GICUC
_erda
_bara
041 0 _aara
082 0 4 _221
_a341.81
_bع ن . ا
092 0 4 _221
099 _aLaw1 12 341.81 ع ن . ا 3 ed - 2011
100 0 _aعنايت عبدالحميد ثابت
_eمؤلف.
245 1 2 _a أصول تنظيم علاقة الرعوية/
_cعنايت عبدالحميد ثابت.
250 _aالطبعة الثالثة
_bمنقحة ومزيدة
264 0 _aالقاهرة:
_bمطابع الدار الهندسية,
_c2011.
300 _a 191 صفحة؛
_c30 سم.
336 _atext
_2rda content
337 _aComputer
_2rda media
338 _aOnline Resource
_2rda carrier
504 _aيحتوي على ارجاعات ببليوجرافية
546 _aالنص أغلبه باللغة العربية مع بعض النصوص الفرنسية
650 1 _aالجنسية
_xقانون دولي خاص
856 _uhttps://fll.law.cu.edu.eg/fulltext/th/B12-01253.pdf
905 _a75
942 _2ddc
_cBK
_e21
_n0
999 _c42948
_d42948